| 000 | 01085nam a2200241Ia 4500 | ||
|---|---|---|---|
| 999 |
_c30475 _d30475 |
||
| 003 | CO-CtgCURN | ||
| 005 | 20250409212008.0 | ||
| 008 | 190726s2011 xx g 000 0 spa d | ||
| 020 | _a9789588736105 (vol I)978-958-873-611-2 (vol. II) | ||
| 040 |
_aCO-CtgCURN _bspa _ccoctgcurn |
||
| 082 |
_a986.114 _bC823d |
||
| 100 |
_aCorrales, Manuel Ezequiel _91693 |
||
| 245 | 0 |
_aDocumentos para la historia : _bde la provincia de Cartagena de Indias, hoy Estado soberano de Bolívar, en la unión colombiana / _cManuel Ezequiel Corrales |
|
| 260 |
_aCartagena de Indias, Bolívar : _bUniversidad de Cartagena, _c2011 |
||
| 300 |
_a2 volúmenes ; _c21 centímetros |
||
| 490 | _aColección Biblioteca Bicentenario de la Independencia de Cartagena de Indias | ||
| 521 | _aAREA BASICA | ||
| 590 | _aTodos los programas acádemicos | ||
| 651 |
_aCartagena de Indias _xHistoria _zColombia _91694 |
||
| 942 |
_cBK _h986.114 _iC823d _2ddc |
||